| 000 | 00000nam##2200000za#4500 |
| 001 | 9.689383 |
| 003 | CaOODSP |
| 005 | 20210624231853 |
| 007 | cr ||||||||||| |
| 008 | 150407|2001||||xxc|||||o f|0| 0 eng|d |
| 040 | |aCaOODSP|beng |
| 043 | |an-cn--- |
| 086 | 1 |aM86-23/2001E-PDF |
| 110 | 1 |aCanada.|bNatural Resources Canada. |bGeographical Names Board of Canada. |
| 245 | 10|aPrinciples and procedures for geographical naming 2001 |h[electronic resource] |
| 260 | |aOttawa - Ontario : |bNatural Resources Canada. |c[2001]. |
| 300 | |a30p. |
| 500 | |anull |
| 500 | |aThe catalogue number (M86-23/2001) and ISBN (0-662-65485-4) for the bilingual print edition have been incorrectly copied in this PDF edition. |
| 590 | |a07-02-Supp|b2007-04-05 |
| 690 | 07|aGeography|2gcpds |
| 690 | 07|aToponymy|2gcpds |
| 775 | 08|tPrincipes et directives pour la dénomination des lieux 2001 |w(CaOODSP)9.633795 |
| 776 | 0#|tPrinciples and procedures for geographical naming 2001 |w(CaOODSP)9.662515 |
| 776 | 0#|tPrincipes et directives pour la dénomination des lieux 2001 |w(CaOODSP)9.662516 |
| 794 | |tPrinciples and procedures for geographical naming 2011 |w(CaOODSP)9.835466 |
| 856 | 40|ahttp://publications.gc.ca|qPDF|s643 KB|uhttps://publications.gc.ca/collections/Collection/M86-23-2001E.pdf |